| 000 | 01359nam0a2200349 4500 | ||
|---|---|---|---|
| 001 | RU\NLR\bibl\1036911 | ||
| 005 | 20250615002551.0 | ||
| 010 |
_a5-7934-0144-X _91000 |
||
| 021 |
_aRU _b2006-79673 _94040 |
||
| 035 | _a(nilc)RSL-KNO-002996452 | ||
| 035 | _a(NLR Aleph) 001024327 | ||
| 090 |
_a718468 _c718468 |
||
| 100 | _a20061208d2006 |||y0rusy50 ca | ||
| 101 | 0 | _arus | |
| 102 | _aRU | ||
| 105 | _ay zzzz||||| | ||
| 106 | _ar | ||
| 200 | 1 |
_aСтихотворения _eсборник стихов _fВалерьян Трошев |
|
| 210 |
_aСыктывкар _c[б. и.] _d2006 |
||
| 215 |
_a88 с. _d14 |
||
| 610 | 0 | _aФилологические науки. Художественная литература -- Российская Федерация -- Русская литература -- с сер. 50-х гг. 20 в. -- Произведения художественной литературы -- Поэзия -- Сборники одного автора | |
| 686 |
_aШ5(2=Р)75-65я44 _2rubbk |
||
| 686 | _aШ6(2=Р)75-5 | ||
| 700 | 1 |
_aТрошев _bВ. Л. _gВалерьян Леонидович _4070 |
|
| 801 | 0 |
_aRU _bРКП _c20061208 _grcr |
|
| 801 | 1 |
_aRU _bРГБ _c20061208 |
|
| 801 | 2 |
_aRU _bNLR _c20070129 _grcr |
|
| 830 | _aавт. по кн. | ||
| 942 | _cBOOK | ||
| 980 | _aNB | ||